| 000 | 00831nam a2200289 a 4500 | ||
|---|---|---|---|
| 003 | AR-BaBNM | ||
| 005 | 20251128203712.0 | ||
| 008 | 082120s2002 ||||||||||||||000 | spa|| | ||
| 040 | _cAR-BaBNM | ||
| 100 | 1 | _aGandia, Enrique de | |
| 245 | 0 | 0 |
_aHistoria de la ideas políticas en la Argentina _blas ideas políticas en la época hispana. 1 |
| 260 |
_aBuenos Aires _bDepalma _c1960 |
||
| 300 | _a512 P. | ||
| 500 | _aContiene apéndice p. 451-512. | ||
| 600 | 0 | 4 | _aJovellanos |
| 600 | 0 | 4 | _aRousseau |
| 600 | 0 | 4 | _aJuan de Solorzano Pereira |
| 600 | 0 | 4 | _aJuan de Mariana |
| 650 | 4 | _aPERIODO HISPANICO | |
| 650 | 4 | _aHISTORIA POLITICA | |
| 650 | 4 | _aHISTORIA DE LAS IDEAS | |
| 650 | 4 | _aMISIONES RELIGIOSAS | |
| 650 | 4 | _aINSTITUCIONES HISPANOAMERICANAS | |
| 650 | 4 | _aHISTORIA SOCIAL | |
| 942 | _cBK | ||
| 998 | _cmariana | ||
| 999 |
_c4550 _d4550 |
||